000 00338 a2200121 4500
020 _a9788173195433
082 _a624.183412 RAJ
100 _aRajagopalan, N.
245 _aPrestressed Concrete/
_cN, Rajagopalan
250 _a2nd ed
260 _aNew Delhi :
_bNarosa Publishing House,
_c2007
300 _axxii, 786p. :
_bill. ;
_c25 cm
650 _aPrestressed Concrete
999 _c1365
_d1365